000
00219 a2200097 4500
001
25823
100
_a
Opie, I A P
245
_a
Lore and Language of School Children
260
_a
_b
Oxford
_c
1960
090
_c
17450
_d
17450
942
_a
NUST-CAE
_c
M
_c
8281
999
_c
260896
_d
260896